=LDR 00000nam 2200000 4500 =001 INLIS000000000030339 =005 20200402085451 =035 ##$$a 0010-061300000030339 =008 200402################g##########0#ind## =041 ##$$a Ind =082 ##$$a 2X1.3 =090 ##$$a 2X1.3, Tai r =100 1#$$a Taimiyah =245 1#$$a Risalah Ibnu Taimiyah tentang tafsir Al qur'an, /$c Syaikhul Islam Ibnu Taimiyah; penerjemah As'ad Yasin =260 ##$$a Solo :$b Pustaka mantiq,$c 1996 =300 ##$$a 170 hlm, ; $c 11 x 19 cm =650 #4$$a Risalah - Tafsir =850 ##$$a NBPNMAT =084 ##$$a 2X1.3 TAI r =250 ##$$a cet.1 =990 ##$$a 00088077 =990 ##$$a 00055505